Italus ad febronium J.C. Clar. de statu ecclesiae. (Record no. 8606)

MARC details
000 -CABECERA
campo de control de longitud fija 00658nam a2200205 a 4500
001 - NÚMERO DE CONTROL
campo de control BRCA_8955
005 - FECHA Y HORA DE LA ÚLTIMA TRANSACCIÓN
campo de control 20190320210454.0
008 - DATOS DE LONGITUD FIJA--INFORMACIÓN GENERAL
campo de control de longitud fija 050717s1770----sp-#######---#000-0#lat-#
041 ## - CÓDIGO DE LENGUA
Código de lengua del texto/banda sonora o título independiente spa
044 ## - CÓDIGO DEL PAÍS DE LA ENTIDAD EDITORA/PRODUCTORA
Código MARC del país sp
084 ## - OTRO NÚMERO DE CLASIFICACIÓN
Número de clasificación CO48
Número de documento/Ítem .I73 1770
245 10 - MENCIÓN DE TÍTULO
Título Italus ad febronium J.C. Clar. de statu ecclesiae.
260 ## - PUBLICACIÓN, DISTRIBUCIÓN, ETC.
Lugar de publicación, distribución, etc. Lucae
Nombre del editor, distribuidor, etc. Publica Facultate
Fecha de publicación, distribución, etc. 1770
300 ## - DESCRIPCIÓN FÍSICA
Extensión XX, 387 p.
Dimensiones 25.6 x 20 cm
500 ## - NOTA GENERAL
Nota general Estado físico: presenta encuadernación en pergamino con presencia del pez de plata y cintas rotas
500 ## - NOTA GENERAL
Nota general En portada: Editio altera
500 ## - NOTA GENERAL
Nota general En portada: Novis curis elaborata, correctior, et adaucta
902 ## - CATALOGADOR
Iniciales CFM
942 ## - ELEMENTOS DE PUNTO DE ACCESO ADICIONAL (KOHA)
Fuente del sistema de clasificación o colocación Library of Congress Classification
Tipo de ítem Koha Libros
Holdings
Estado de retiro Estado de pérdida Estado dañado No para préstamo Localización permanente Ubicación/localización actual Fecha de adquisición Total de préstamos Signatura topográfica completa Código de barras Fecha visto por última vez Precio válido a partir de Tipo de ítem Koha
El ejemplar forma parte de la colección y puede ser consultado según las políticas vigentes.       Biblioteca del Museo Franz Mayer (Rogerio Casas-Alatriste) Biblioteca del Museo Franz Mayer (Rogerio Casas-Alatriste) 05/07/2017   CO48 .I73 1770 CFM00365 22/03/2019 22/03/2019 Libros